Statistics for 50 Biggest Cities in the Ottoman Empire in 1900 with a Map

Click here to take the quiz!

General Stats

  • This quiz has been taken 353 times
  • The average score is 28 of 50

Answers on the Map

Answers color-coded by a green-red scale on the quiz's map according to % correct below.
 

Answer Stats

PopulationCities% Correct
900kConstantinople
(Istanbul)
99%
145kBaghdad
96%
165kDamascus
95%
56kJerusalem
95%
201kSmyrna
(İzmir)
94%
67kSofia
94%
30kTripoli
94%
118kBeirut
93%
60kMecca
91%
125kSalonica
(Thessaloniki)
90%
130kAleppo
89%
32kAnkara
88%
31kJaffa
(Tel Aviv-Yafo)
86%
30kJeddah
85%
32kÜsküb
(Skopje)
84%
30kMedina
83%
60kMosul
80%
40kGaza City
79%
81kAdrianople
(Edirne)
76%
58kSan'aa
75%
30kBasra
73%
33kVarna
72%
71kBursa
69%
40kTrabzon
66%
42kPlovdiv
63%
30kAdana
57%
45kKonya
57%
43kAintab
(Gaziantep)
54%
35kHoms
50%
30kKirkuk
38%
48kErzurum
36%
32kİskenderiye-i Arnavud
(Shkodër)
33%
60kKayseri
33%
33kJanina
(Ioannina)
32%
34kRuse
29%
35kTekfurdağı
(Tekirdağ)
28%
45kHama
27%
43kSivas
27%
55kUrfa
27%
37kManastır
(Bitola)
23%
30kPrizren
23%
65kKarbala
21%
30kMalatya
21%
35kAydın
20%
52kMaraş
(Kahramanmaraş)
20%
35kManisa
18%
41kSerez
(Serres)
18%
33kAl Hudaydah
15%
30kHillah
13%
38kBidlis
(Bitlis)
11%

Score Distribution

Percentile by Number Answered

Percent of People with Each Score

Your Score History

You have not taken this quiz